Management of the Bio-Waste Processing in Crisis Conditions in the Municipal Sector
Teoretické poznatky a štúdie trendov v oblasti obnoviteľných zdrojov energie s cieľom vytvoriť univerzálny vzorový model rozhodovania pre starostov v procese nakladania s biologickým odpadom v komunálnom sektore.
Salvato in:
| Autore principale: | |
|---|---|
| Altri autori: | , |
| Natura: | Capitolo di libro |
| Lingua: | inglese |
| Soggetti: | |
| Tags: |
Nessun Tag, puoi essere il primo ad aggiungerne!!
|
MARC
| LEADER | 00000naa a2200000 4500 | ||
|---|---|---|---|
| 001 | 0239543 | ||
| 005 | 20240502083643.3 | ||
| 041 | 0 | |a eng | |
| 044 | |a CZ | ||
| 245 | 1 | 0 | |a Management of the Bio-Waste Processing in Crisis Conditions in the Municipal Sector |c Nadežda Jankelová, Marián Děd, Branislav Kováčik |
| 520 | |a Teoretické poznatky a štúdie trendov v oblasti obnoviteľných zdrojov energie s cieľom vytvoriť univerzálny vzorový model rozhodovania pre starostov v procese nakladania s biologickým odpadom v komunálnom sektore. | ||
| 610 | 2 | 0 | |a odpad komunálny |
| 610 | 2 | 0 | |a kríza energetická |
| 610 | 2 | 0 | |a zdroje energie obnoviteľné |
| 610 | 2 | 0 | |a sektor komunálny |
| 610 | 2 | 0 | |a hospodárstvo odpadové |
| 610 | 2 | 0 | |a biomasa |
| 100 | 1 | |a Jankelová, Nadežda, 1966- | |
| 700 | 1 | |a Děd, Marián | |
| 700 | 1 | |a Kováčik, Branislav | |